| 000 | 03428cam a2200445M 4500 | ||
|---|---|---|---|
| 001 | 103582 | ||
| 005 | 20230410103901.0 | ||
| 008 | 091215s2009 nyu 000 u eng d | ||
| 040 |
_aDKDLA _bdan _cDKDLA _dGEBAY |
||
| 020 | _a1439140634 | ||
| 020 | _a9781439140635 | ||
| 043 |
_aaw----- _aa-is--- |
||
| 050 | 1 | 4 |
_a416 DS 119.76 _bC323w 2009 |
| 082 | 0 | 0 | _a956.054 |
| 049 | _aGRAL | ||
| 100 | 1 |
_aCarter, Jimmy, _d1924- |
|
| 245 | 1 | 0 |
_aWe can have peace in the Holy Land / _cJimmy Carter. |
| 260 |
_aNew York : _bSimon & Schuster, _cc2009. |
||
| 300 |
_axxv, 228 p. : _bmaps ; _c25 cm. |
||
| 504 | _aIncluye referencias bibliográficas. | ||
| 505 | 0 | _aIntroduction : Storm over a book -- From Abraham's journeys to the Six-Day War -- My early involvement with Israel -- Peace at Camp David -- Reagan, Bush I, and Clinton, 1981-2000 -- The early Bush II years, 2001-2005 -- Withdrawal from Gaza and its aftermath -- Spasmodic peace efforts, long overdue -- How close is Israel to its major goals? -- A search for information -- Can Hamas play a positive role? -- Assessment of the region -- Challenges to Israelis and Palestinians -- An agenda for peace -- Appendix 1 : U. N. Resolution 242, 1967 -- Appendix 2 : Camp David Accords, 1978 -- Appendix 3 : Arab peace proposal, 2002 -- Appendix 4 : Key points of the International Quartet's Roadmap for Peace, April 30, 2003 -- Appendix 5 : Israel's response to the Roadmap, May 25, 2003. | |
| 520 | _aNobel Peace Laureate Jimmy Carter argues that the present moment is a unique time for achieving peace in the Middle East--and he offers a bold and comprehensive plan. For the last three decades, as President of the United States and as founder of The Carter Center, Carter has studied the complex and interrelated issues of the region's conflicts and has been actively involved in reconciling them. He knows the leaders of all factions who will need to play key roles, and he sees encouraging signs. Carter describes the history of previous peace efforts and why they fell short. He argues persuasively that the road to a peace agreement is now open and that it has broad international and regional support. Most of all, since there will be no progress without courageous and sustained U.S. leadership, he says the time for progress is now, and President Barack Obama is committed to a personal effort to exert that leadership. | ||
| 600 | 1 | 4 |
_aCarter, Jimmy, _d1924-. |
| 650 | 4 | _aConflicto árabe-israelí. | |
| 650 | 4 |
_aConflicto árabe-israelí _y1993 _xPaz. |
|
| 651 | 4 |
_aPalestina _xHistoria. |
|
| 650 | 4 |
_aJudíos _xHistoria _zPalestina _ySiglo XX. |
|
| 651 | 4 | _aSoluciones pacíficas de controversias internacionales. | |
| 650 | 4 |
_aConflicto árabe-israelí _xCuestiones territoriales. |
|
| 650 | 4 |
_aIsrael _xRelaciones étnicas. |
|
| 650 | 0 |
_aArab-Israeli conflict _y1993- _xPeace. |
|
| 600 | 1 | 0 |
_aCarter, Jimmy, _d1924- _xPolitical and social views. |
| 856 |
_3Contributor biographical information _uhttp://catdir.loc.gov/catdir/enhancements/fy0902/2008048181-b.html |
||
| 856 |
_3Publisher description _uhttp://catdir.loc.gov/catdir/enhancements/fy0903/2008048181-d.html |
||
| 856 |
_3Sample text _uhttp://catdir.loc.gov/catdir/enhancements/fy0906/2008048181-s.html |
||
| 856 |
_3Table of contents only _uhttp://catdir.loc.gov/catdir/enhancements/fy0906/2008048181-t.html |
||
| 942 |
_2lcc _cbk |
||
| 994 |
_aC0 _bDRFGD |
||
| 946 | _arg | ||
| 999 |
_c27704 _d27704 |
||